[Event "11th Karpov"]
[Site "Poikovsky RUS"]
[Date "2010.06.13"]
[Round "11"]
[White "Bologan,V"]
[Black "Motylev,A"]
[Result "1-0"]
[WhiteElo "2668"]
[BlackElo "2704"]

1.e4 e5 2.Nf3 Nf6 3.Nxe5 d6 4.Nf3 Nxe4 5.d4 d5 6.Bd3 Be7 7.O-O Nc6 8.Nc3 Nxc3
9.bxc3 Bg4 10.Re1 O-O 11.Bf4 Rb8 12.h3 Bh5 13.g4 Bg6 14.Bxg6 hxg6 15.Qd3 Re8
16.Rab1 Qd7 17.c4 dxc4 18.Qxc4 Bd6 19.Bd2 Rxe1+ 20.Rxe1 Re8 21.Rxe8+ Qxe8
22.Ng5 Nd8 23.d5 c6 24.Qe4 Qxe4 25.Nxe4 Bb8 26.c4 cxd5 27.cxd5 f5 28.Ng5 Bd6
29.Kf1 b5 30.Ke2 a6 31.Kd3 Nf7 32.Nf3 Ne5+ 33.Nxe5 Bxe5 34.Bb4 Kf7 35.Bc5 Bf6
36.Ke3 Be5 37.Bb4 Ke8 38.f3 Kd7 39.h4 Kc7 40.h5 gxh5 41.gxh5 Kd7 42.Kd3 Kc7
43.Bf8 Kd7 44.Kc2 Kc7 45.Kb3 Kd7 46.Bc5 Kc7 47.a4 bxa4+ 48.Kxa4 Bc3 49.Bf8 Kd7
50.Kb3 Bf6 51.Kc4 Be5 52.Bb4 Kc7 53.Bd2 Kd6 54.Bc1 Kc7 55.Bd2 Kd6 56.Be1 Kc7
57.Ba5+ Kd7 58.Kc5 Bd6+ 59.Kd4 Ke7 60.Kc4 Kf6 61.Bd2 f4 62.Bc3+ Kg5 63.Bxg7 Kxh5
64.Bd4 Kh4 65.Bc5 Bb8 66.Kd4 Kg5 67.d6 a5 68.Kd5 a4 69.Bb6  1-0

[Event "TCh-CHN"]
[Site "Shanghai CHN"]
[Date "2010.07.24"]
[Round "7"]
[White "Motylev,A"]
[Black "Zhao Jun"]
[Result "1-0"]
[WhiteElo "2705"]
[BlackElo "2575"]

1.e4 c5 2.Nf3 d6 3.d4 cxd4 4.Nxd4 Nf6 5.Nc3 a6 6.Bg5 e6 7.f4 Qc7 8.Bxf6 gxf6
9.Qd2 Nc6 10.O-O-O Bd7 11.Kb1 Be7 12.Nb3 b5 13.f5 Na5 14.Qh6 Nxb3 15.cxb3 Qc5
16.Bd3 Qe5 17.Qg7 Rf8 18.Qxh7 Bd8 19.Rc1 Bb6 20.g3 Bd4 21.fxe6 fxe6 22.Ne2 Bxb2
23.Rc2 Ba3 24.Nf4 Qd4 25.Ng6 d5 26.Nxf8 Bxf8 27.exd5 f5 28.dxe6 Bxe6 29.Qg6+ Kd8
30.Rd1  1-0

[Event "TCh-CHN"]
[Site "Shanghai CHN"]
[Date "2010.07.25"]
[Round "8"]
[White "Motylev,A"]
[Black "Ding Liren"]
[Result "1-0"]
[WhiteElo "2704"]
[BlackElo "2565"]

1.e4 e6 2.d4 d5 3.Nc3 Nf6 4.e5 Nfd7 5.f4 c5 6.Nf3 Nc6 7.Be3 a6 8.Qd2 b5 9.Bd3 b4
10.Na4 cxd4 11.Nxd4 Bb7 12.Qf2 Be7 13.O-O-O O-O 14.Kb1 Nxd4 15.Bxd4 Bc6 16.Nb6 Nxb6
17.Bxb6 Qd7 18.f5 exf5 19.Bxf5 Qb7 20.Bd4 Bd7 21.Rd3 Bxf5 22.Qxf5 Qc6 23.Rhd1 Rac8
24.R1d2 Qe6 25.Qf3 Rfd8 26.b3 h6 27.Bb2 Rc5 28.g3 a5 29.a4 g6 30.Rf2 Rd7
31.Bd4 Rc6 32.Qd1 Bd8 33.Rdf3 Qe8 34.Qd2 Bg5 35.Qd3 Re6 36.h4 Bd8 37.h5 g5
38.Ka2 Kg7 39.Qb5 Kg8 40.Rf5 Bc7 41.Rf6 Bd8 42.R6f5 Bc7 43.g4 Bd8 44.R5f3 Bc7
45.Rf6 Bd8 46.R6f5 Bc7 47.Rd2 Rd8 48.Qxe8+ Rdxe8 49.Re2 Rd8 50.Ref2 Rd7 51.Kb2 Bd8
52.Rd2 Rc6 53.Rf3 Kf8 54.c3 bxc3+ 55.Bxc3 Ke7 56.Rf6 Re6 57.Bd4 Ke8 58.Rf5 Bb6
59.Bxb6 Rxb6 60.Rf6 Rxf6 61.exf6 Rd6 62.Re2+ Kd8 63.Re5 Rxf6 64.Rxd5+ Kc8
65.Rxa5 Rf4 66.Rc5+ Kd7 67.a5 Rxg4 68.a6 Re4 69.Rf5 Re7 70.a7 Re8 71.Rxf7+ Kc6
72.Kc3 Kb6 73.Kd4 Ra8 74.Rh7 g4 75.Ke3  1-0

[Event "TCh-CHN"]
[Site "Shanghai CHN"]
[Date "2010.07.26"]
[Round "9"]
[White "Yang Kaiqi"]
[Black "Motylev,A"]
[Result "0-1"]
[WhiteElo "2396"]
[BlackElo "2704"]

1.Nf3 d5 2.d4 Nf6 3.c4 c6 4.Nc3 e6 5.Bg5 h6 6.Bxf6 Qxf6 7.Qb3 a5 8.cxd5 exd5
9.e3 Bd6 10.Bd3 O-O 11.O-O Qe7 12.Rfe1 Bg4 13.Nd2 Be6 14.Rac1 Na6 15.Bb1 Nb8
16.Bd3 Na6 17.Bb1 g6 18.Ne2 c5 19.Qd1 c4 20.Nc3 f5 21.Nb5 Bb4 22.a3 Qe8 23.Nc3 Bd6
24.f3 Qd8 25.Nb5 Bb8 26.b3 Nc7 27.bxc4 Nxb5 28.cxb5 Qd6 29.Nf1 Qxa3 30.e4 Bf4
31.Rc5 dxe4 32.fxe4 fxe4 33.Bxe4 Bd6 34.Bxb7 Rad8 35.Qc2 Bf5 36.Qc4+ Kh7
37.Bf3 Bd3 38.Rc7+ Kh8 39.Qc6 Qb4 40.Rd1 Bxb5 41.Qc1 Bf4 42.Qc5 Bxc7 43.Qxc7 Qd6
44.Qxa5 Bxf1 45.Rxf1 Qxd4+ 46.Kh1 Rd7 47.Qa1 Qxa1 48.Rxa1 Rf4 49.h3 Kg7 50.Kh2 h5
51.Kg3 Rb4 52.Ra3 Rd2 53.Ra1 h4+ 54.Kh2 Kf6 55.Ra6+ Kg5 56.Ra1 Rf2 57.Ba8 Rfb2
58.Rf1 Rb1 59.Rxb1 Rxb1 60.Be4 Rb4 61.Bf3 Kf4 62.Bc6 Rb3 63.Bd5 Rc3 64.Bf7 g5
65.Be6 Ke5 66.Bg4 Kd4 67.Bh5 Re3 68.Bg4 Kd3 69.Bd7 Rg3 70.Bc6 Ke3 71.Bd5 Kf4
72.Be6 Re3 73.Bd7 Rc3 74.Be6 Ke4 75.Bg4 Ke5 76.Bd7 Kf4 77.Be6 Ke3 78.Bd5 Kf2
79.Bb7 Rg3 80.Bc6 Ke3 81.Bd7 Kf2 82.Bc6 g4 83.hxg4 Ke3 84.g5 Kf4 85.g6 Rxg6
86.Bd7 Rg3 87.Bc8 Rg8 88.Bd7 Rd8 89.Be6 Rd3 90.Bc8 Rc3 91.Be6 Ke5 92.Bg4 Ke4
93.Bf3+ Kf4 94.Bd5 Re3 95.Bf3 Re7 96.Bc6 h3 97.gxh3 Re2+ 98.Kg1 Kg3 99.Kf1 Re7
100.Bb5 Kf3 101.Bc6+ Kg3 102.Bb5 Kxh3 103.Kf2 Kg4 104.Be2+ Kf4 105.Bf3 Rd7
106.Ke2 Re7+ 107.Kf2 Ra7 108.Bd5 Rd7 109.Bc4 Rd2+ 110.Ke1 Ke3 111.Be6 Rd6
112.Bf7 Rd7 113.Be6 Re7 114.Bb3 Rb7 115.Bc2 Ra7 116.Bd1 Ra1  0-1

[Event "TCh-CHN"]
[Site "Guangzhou CHN"]
[Date "2010.09.10"]
[Round "10"]
[White "Motylev,A"]
[Black "Ma Qun"]
[Result "1-0"]
[WhiteElo "2704"]
[BlackElo "2369"]

1.e4 c5 2.Nf3 d6 3.d4 cxd4 4.Nxd4 Nf6 5.Nc3 e6 6.Be3 a6 7.f3 b5 8.Qd2 Nbd7
9.O-O-O Bb7 10.g4 Ne5 11.g5 Nfd7 12.Rg1 Nb6 13.Qe1 Rc8 14.Kb1 Qc7 15.Bd3 Nec4
16.Bc1 Be7 17.f4 b4 18.Nce2 d5 19.e5 g6 20.h4 Nd7 21.h5 Qb6 22.Rh1 Rf8 23.hxg6 hxg6
24.Rh7 Nc5 25.Qh1 a5 26.Rxf7 Nxd3 27.Rxf8+ Bxf8 28.Rxd3 Ba6 29.Rh3 Na3+ 30.bxa3 Bxe2
31.Nxe2 a4 32.Rh8 bxa3+ 33.Ka1 Rxc2 34.Qd1 Rb2 35.Qd3 Qb4 36.Qxg6+ Kd7 37.Rxf8 Qxf8
38.Bxb2 axb2+ 39.Kxb2 Qb4+ 40.Kc2 Qc4+ 41.Kd1 Qxa2 42.Qf7+ Kc6 43.Qxe6+  1-0

[Event "TCh-CHN"]
[Site "Guangzhou CHN"]
[Date "2010.09.11"]
[Round "11"]
[White "Lou Yiping"]
[Black "Motylev,A"]
[Result "0-1"]
[WhiteElo "2429"]
[BlackElo "2704"]

1.d4 d6 2.c4 e5 3.e3 Nd7 4.Nc3 g6 5.Nf3 Bg7 6.Be2 Ngf6 7.O-O O-O 8.b4 Re8
9.a4 a5 10.bxa5 Rxa5 11.Nd2 Ra8 12.Bf3 Nf8 13.Rb1 exd4 14.exd4 Ne6 15.Nb3 h6
16.h4 Nd7 17.h5 g5 18.Qd3 c5 19.Nb5 cxd4 20.N3xd4 Ne5 21.Qc2 Nxd4 22.Nxd4 Nxf3+
23.Nxf3 Qa5 24.Rb5 Qxa4 25.Qd3 Ra5 26.Rxa5 Qxa5 27.Qxd6 Be6 28.Bd2 Qd8 29.c5 g4
30.Nh2 Qh4 31.c6 Qxh5 32.Bf4 bxc6 33.Qxc6 Rc8 34.Qd6 Qa5 35.f3 h5 36.fxg4 hxg4
37.Bg3 Qc5+ 38.Qxc5 Rxc5 39.Rd1 Rc4 40.Bf2 Bh6 41.Nf1 Rc3 42.Ng3 Rc2 43.Rd8+ Kh7
44.Bd4 Bg7 45.Bxg7 Kxg7 46.Nh5+ Kh6 47.Nf4 g3 48.Rd1 Bg4 49.Re1 Rd2 50.Rf1 Kg5
51.Nh3+ Bxh3 52.gxh3 f5 53.Rf3 f4 54.Ra3 Kh4  0-1

[Event "39th Olympiad Men"]
[Site "Khanty-Mansiysk RUS"]
[Date "2010.09.25"]
[Round "5"]
[White "Motylev,A"]
[Black "Sutovsky,E"]
[Result "0-1"]
[WhiteElo "2694"]
[BlackElo "2665"]

1.e4 c5 2.Nf3 d6 3.d4 cxd4 4.Nxd4 Nf6 5.Nc3 a6 6.Bg5 e6 7.f4 Qb6 8.Qd2 Qxb2
9.Rb1 Qa3 10.e5 h6 11.Bh4 dxe5 12.fxe5 Nd5 13.Nxd5 exd5 14.e6 Bxe6 15.Nxe6 fxe6
16.Bd3 Be7 17.Bg6+ Kd8 18.Bxe7+ Qxe7 19.O-O Nd7 20.Rxb7 Qc5+ 21.Kh1 Ra7 22.Rb3 Rf8
23.Rxf8+ Nxf8 24.Rb8+ Ke7 25.Bh5 g6 26.Qxh6 Qf2 27.Qg7+ Kd6 28.Qxf8+ Qxf8
29.Rxf8 gxh5 30.Rc8 e5 31.h4 d4 32.Kg1 Rf7 33.Ra8 Kd5 34.Rxa6 Rc7 35.g4 Rxc2
36.gxh5 d3 37.Ra8 d2 38.Rd8+ Ke4 39.Kf1 Ke3  0-1

[Event "39th Olympiad Men"]
[Site "Khanty-Mansiysk RUS"]
[Date "2010.09.27"]
[Round "6"]
[White "Banikas,H"]
[Black "Motylev,A"]
[Result "1-0"]
[WhiteElo "2590"]
[BlackElo "2694"]

1.d4 d5 2.c4 c6 3.Nf3 Nf6 4.Nc3 e6 5.e3 a6 6.b3 Bb4 7.Bd2 Nbd7 8.Bd3 O-O
9.O-O Bd6 10.Qc2 h6 11.Rad1 e5 12.cxd5 cxd5 13.e4 exd4 14.Nxd5 Nxd5 15.exd5 Nf6
16.h3 Nxd5 17.Nxd4 Qf6 18.Be4 Nf4 19.Rfe1 Bd7 20.Bxf4 Bxf4 21.Bxb7 Rad8 22.Nc6 Bxc6
23.Qxc6 Qxc6 24.Bxc6 Rxd1 25.Rxd1 Bg5 26.Bb7 a5 27.Rd5 Rb8 28.Ba6 a4 29.bxa4 Rd8
30.Rc5 Rd1+ 31.Bf1 Rc1 32.Rb5 Ra1 33.Rb2 Bf6 34.Rc2 Rb1 35.a5 Rb2 36.Rc8+ Kh7
37.Bd3+ g6 38.Rc7 Kg8 39.Bc4 Rb1+ 40.Bf1 Rb2 41.a6  1-0

[Event "39th Olympiad Men"]
[Site "Khanty-Mansiysk RUS"]
[Date "2010.09.30"]
[Round "9"]
[White "McShane,L"]
[Black "Motylev,A"]
[Result "1/2-1/2"]
[WhiteElo "2657"]
[BlackElo "2694"]

1.e4 e5 2.Nf3 Nf6 3.Nxe5 d6 4.Nf3 Nxe4 5.Nc3 Nxc3 6.dxc3 Be7 7.Bf4 Nc6 8.Qd2 Be6
9.Ng5 Bxg5 10.Bxg5 Qd7 11.f3 O-O 12.b3 f6 13.Be3 a6 14.c4 Rfe8 15.O-O-O a5
16.a4 Nb4 17.Kb2 Rad8 18.h4 Qe7 19.c3 Nc6 20.Bd3 Ne5 21.Rhe1 Nxd3+ 22.Qxd3 Qf7
23.Bf4 b6 24.Qc2 Bd7 25.Qf2 Rxe1 26.Rxe1 Re8 27.Rxe8+  1/2-1/2

[Event "39th Olympiad Men"]
[Site "Khanty-Mansiysk RUS"]
[Date "2010.10.01"]
[Round "10"]
[White "Escobar Forero,A"]
[Black "Motylev,A"]
[Result "0-1"]
[WhiteElo "2454"]
[BlackElo "2694"]

1.e4 c5 2.Nf3 Nc6 3.d4 cxd4 4.Nxd4 Nf6 5.Nc3 d6 6.Bg5 e6 7.Qd2 a6 8.O-O-O Bd7
9.f3 Qc7 10.Kb1 Be7 11.h4 h6 12.Be3 h5 13.Qf2 Ne5 14.Bd3 b5 15.Rhe1 Rb8 16.Bg5 b4
17.Nce2 a5 18.g4 hxg4 19.f4 Nxd3 20.cxd3 b3 21.a3 e5 22.Nf5 Bxf5 23.exf5 Qc2+
24.Ka1 O-O 25.Qa7 Rfe8 26.Nc3 Qg2 27.Re2 Qc6 28.Qxa5 Bd8 29.Qa4 Qxa4 30.Nxa4 exf4
31.Rxe8+ Nxe8 32.Bxf4 Rb5 33.Nc3 Rxf5 34.Ne2 Bxh4 35.Rc1 g5 36.Bg3 Rf3  0-1

[Event "TCh-CHN"]
[Site "Guangzhou CHN"]
[Date "2010.10.15"]
[Round "15"]
[White "Motylev,A"]
[Black "Wang Hao"]
[Result "1/2-1/2"]
[WhiteElo "2704"]
[BlackElo "2715"]

1.e4 e6 2.d4 d5 3.Nc3 Nf6 4.e5 Nfd7 5.f4 c5 6.Nf3 Nc6 7.Be3 a6 8.Qd2 b5 9.Bd3 b4
10.Na4 c4 11.Be2 c3 12.Qd1 cxb2 13.Nxb2 Be7 14.O-O O-O 15.Bd3 a5 16.Ng5 Bxg5
17.fxg5 Ne7 18.a3 Ba6 19.axb4 Bxd3 20.Nxd3 Nf5 21.Bf2 axb4 22.Rxa8 Qxa8 23.g4 Ne7
24.Nxb4 Qa4 25.c3 Qxd1 26.Rxd1 Ra8 27.Rb1 Kf8 28.Kg2 Ke8 29.Rb2 Ra1 30.Nc2 Ra7
31.Ne3 Rc7 32.Be1 Nc8 33.Kf3 Ncb6 34.Ra2 Rc8 35.Ke2 Nb8 36.Kd3 Nc4 37.Nxc4 Rxc4
38.Bd2 Kd7 39.Bc1 Nc6 40.Bb2 Ne7 41.Kc2 Rc7 42.Ra8 Rc8 43.Ra7+ Rc7 44.Ra8 Rc8
45.Ra7+ Rc7 46.Ra8 Rc8 47.Ra1 Nc6 48.Kd3 Rb8 49.Kc2 Rc8 50.Kd3 Rb8 51.Bc1 Rb7
52.Ra8 Rb8 53.Ra2 Rb1 54.Kc2  1/2-1/2

[Event "TCh-CHN"]
[Site "Beijing CHN"]
[Date "2010.11.02"]
[Round "16"]
[White "Motylev,A"]
[Black "Wu Kaiyu"]
[Result "1/2-1/2"]
[WhiteElo "2705"]
[BlackElo "2301"]

1.e4 e5 2.Nf3 Nf6 3.Nc3 Nc6 4.Bb5 Nd4 5.Bc4 Bc5 6.d3 d6 7.h3 Be6 8.Bxe6 Nxf3+
9.Qxf3 fxe6 10.Na4 Bb4+ 11.c3 Ba5 12.b4 Bb6 13.Nxb6 axb6 14.O-O O-O 15.Qe2 Qe8
16.a3 Qg6 17.Bb2 Nh5 18.Qg4 Rf6 19.Qxg6 Rxg6 20.Bc1 Nf4 21.Bxf4 exf4 22.a4 Rf6
23.a5 bxa5 24.Rxa5 Rxa5 25.bxa5 Rf8 26.Rb1 Rb8 27.d4 Kf7 28.Kf1 Ke7 29.Ke2 e5
30.a6 b6 31.d5 Kd7 32.Kd3 b5 33.Ra1 c5 34.a7 Ra8 35.Ra6 g5 36.g3 h5 37.gxf4 gxf4
38.Kc2 Kc7 39.Kb3 Kd7 40.Ra1 Kc7 41.Ra6 Kd7 42.h4 Kc7 43.f3 Kd7 44.c4 b4
45.Ka4 Kc7 46.Kb3 Kd7 47.Ra1 Kc7 48.Ra6 Kd7 49.Ka4 Kc7 50.Kb3  1/2-1/2

[Event "TCh-CHN"]
[Site "Beijing CHN"]
[Date "2010.11.03"]
[Round "17"]
[White "Motylev,A"]
[Black "Lu Shanglei"]
[Result "1-0"]
[WhiteElo "2705"]
[BlackElo "2340"]

1.e4 c5 2.Nf3 d6 3.d4 cxd4 4.Nxd4 Nf6 5.Nc3 g6 6.Be3 Bg7 7.f3 Nc6 8.Qd2 O-O
9.O-O-O d5 10.exd5 Nxd5 11.Nxc6 bxc6 12.Bd4 e5 13.Bc5 Be6 14.Ne4 Re8 15.h4 Nf4
16.Qxd8 Raxd8 17.Rxd8 Rxd8 18.Be7 Rd4 19.b3 f5 20.Ng5 Bh6 21.g3 Nh5 22.Rg1 Rd7
23.Bb4 Bd5 24.Be2 Bxg5+ 25.hxg5 f4 26.gxf4 Nxf4 27.Bd1 Rf7 28.Bd2 Ne6 29.Re1 Bxf3
30.Bxf3 Rxf3 31.Rxe5 Nd4 32.Be3 c5 33.Kd2 Rg3 34.Rxc5 Nf5 35.Rc8+ Kf7 36.Rc7+ Kg8
37.Bf4 Rg4 38.Rc4 Ng7 39.Be3 Rg2+ 40.Kd3 Ne6 41.Rc8+ Kg7 42.Ra8 Nxg5 43.Rxa7+ Nf7
44.Bd4+ Kf8 45.Bf6 Rg3+ 46.Kd4 Ke8 47.Re7+ Kf8 48.Rc7 Ke8 49.a4 Rf3 50.Re7+ Kf8
51.Re6 Rf4+ 52.Kc5 Rf2 53.c4 g5 54.Rb6 Ke8 55.Bd4 Rf5+ 56.Kb4 Kd7 57.a5 Nd8
58.Bc3 Rf3 59.Bb2 Nc6+ 60.Ka4 Kc7 61.Rb5 Rf2 62.Ka3 g4 63.Rg5 h6 64.Rg7+ Kb8
65.a6 h5 66.b4 Rf3+ 67.Ka4 Rf4 68.Kb5 Na7+ 69.Kc5 Rf5+ 70.Kd6  1-0

[Event "TCh-CHN"]
[Site "Beijing CHN"]
[Date "2010.11.04"]
[Round "18"]
[White "Yang Kaiqi"]
[Black "Motylev,A"]
[Result "1/2-1/2"]
[WhiteElo "2396"]
[BlackElo "2705"]

1.d4 d5 2.c4 c6 3.Nf3 Nf6 4.Nc3 e6 5.e3 Nbd7 6.Qc2 Bd6 7.Bd3 O-O 8.O-O dxc4
9.Bxc4 b5 10.Be2 Bb7 11.Rd1 Qb8 12.a3 a5 13.Bd2 e5 14.h3 b4 15.axb4 axb4
16.Rxa8 Bxa8 17.Ne4 Nxe4 18.Qxe4 Nf6 19.Qf5 e4 20.Ne5 Bb7 21.Nd7 Nxd7 22.Qxd7 Rd8
23.Qf5 c5 24.Bc4 Qc7 25.Rc1 Qe7 26.dxc5 Bxc5 27.Bxf7+ Qxf7 28.Qxf7+ Kxf7
29.Rxc5 Rxd2 30.Rc7+ Kf6 31.Rxb7 Rxb2 32.g4 b3 33.Kg2 Rb1 34.h4 h6 35.Rb6+ Ke5
36.h5 Kd5 37.Rb7 Kc6 38.Rb8 Kc5 39.Rb7 Kc6 40.Rb8 b2 41.Rb3 Kd5 42.Rb8 Kc4
43.Rb7 Kd3 44.Rd7+ Kc3 45.Rc7+ Kd3 46.Rd7+ Kc3  1/2-1/2

[Event "Schachbundesliga 2010-11"]
[Site "Solingen GER"]
[Date "2010.11.13"]
[Round "3"]
[White "Sandipan,C"]
[Black "Motylev,A"]
[Result "1/2-1/2"]
[WhiteElo "2641"]
[BlackElo "2694"]

1.d4 Nf6 2.c4 e6 3.Nc3 Bb4 4.f3 c5 5.d5 O-O 6.e4 b5 7.a3 Bxc3+ 8.bxc3 bxc4
9.Bxc4 Nxd5 10.Bxd5 exd5 11.Qxd5 Nc6 12.Ne2 Ba6 13.Kf2 Rb8 14.Rd1 Qa5 15.Ra2 Bxe2
16.Rxe2 Qxc3 17.Be3 Nd4 18.Bxd4 cxd4 19.Qxd4 Qxa3 20.Ra1 Qe7 21.Qxa7 Qe5
22.h3 d5 23.exd5  1/2-1/2

[Event "Schachbundesliga 2010-11"]
[Site "Solingen GER"]
[Date "2010.11.14"]
[Round "4"]
[White "Motylev,A"]
[Black "Goloshchapov,A"]
[Result "1/2-1/2"]
[WhiteElo "2694"]
[BlackElo "2576"]

1.e4 e6 2.d4 d5 3.Nc3 dxe4 4.Nxe4 Nd7 5.Nf3 Ngf6 6.Bd3 c5 7.O-O Nxe4 8.Bxe4 Nf6
9.Bg5 Be7 10.Bxf6 gxf6 11.c3 Qc7 12.Re1 Bd7 13.Qe2 O-O-O 14.b4 cxd4 15.cxd4 Kb8
16.b5 Ba3 17.Rab1 Rc8 18.Nd2 Rhg8 19.g3 f5 20.Bg2 Rg4 21.Qf3 Rxd4 22.Qxa3 Rxd2
23.Qe3 Qd6 24.Qf3 Rc7 25.Red1 e5 26.a4 e4 27.Rxd2 Qxd2 28.Qd1 Rc2 29.Qxd2 Rxd2
30.f3 e3 31.f4 Be6 32.Re1 Rd3 33.a5 Ra3 34.a6 bxa6 35.bxa6 Rxa6 36.Rxe3 Ra1+
37.Kf2 a5 38.Re5 Ra2+ 39.Kf3 Ra3+ 40.Kf2 Ra2+ 41.Kf3 a4 42.Bh3 Rxh2 43.Bxf5 Bb3
44.Ra5 Kc7 45.Ke3 Kb6 46.Ra8 Kc5 47.Bd7 Kb4 48.Rb8+ Kc3 49.Ra8 Kb4 50.Rb8+ Kc3
51.Ra8 Ra2 52.Rc8+ Kb2 53.Be8 Ra1 54.Rb8 Ka3 55.f5 h6 56.Kf2 Rd1 57.Rb7 Rd6
58.g4 Ra6 59.Bxf7 Bxf7 60.Rxf7 Kb2 61.Rb7+ Kc2 62.Rc7+ Kd3 63.Rd7+ Ke4 64.Re7+ Kf4
65.Re6 Ra8 66.Rxh6 a3 67.Rh1 Rb8 68.Ke2 Kxg4 69.Kd3 a2 70.Ra1 Kxf5 71.Rxa2  1/2-1/2

[Event "World Blitz Qualifier"]
[Site "Moscow RUS"]
[Date "2011.02.17"]
[Round "6.1"]
[White "Andreikin,D"]
[Black "Motylev,A"]
[Result "1-0"]
[WhiteElo "2689"]
[BlackElo "2687"]

1.c4 e5 2.Nc3 Nf6 3.Nf3 Nc6 4.e4 Bb4 5.d3 Bxc3+ 6.bxc3 O-O 7.g3 a6 8.a4 a5
9.Bg2 d6 10.O-O Ne7 11.Nh4 Ne8 12.f4 exf4 13.Bxf4 Bd7 14.d4 f6 15.Qc2 Bc6
16.Nf5 Nxf5 17.exf5 Bxg2 18.Qxg2 c6 19.Rae1 Qd7 20.Re6 g5 21.Be3 Ng7 22.d5 c5
23.h4 h6 24.hxg5 hxg5 25.Rb1 Rae8 26.g4 Nxe6 27.dxe6 Qc6 28.Rxb7 Qxg2+ 29.Kxg2 Rb8
30.Rb5 Rxb5 31.cxb5 Ra8 32.Kf3 Kf8 33.Ke4 Ke7 34.Kd5 Rb8 35.c4 Ra8 36.Bf2 Rb8
37.Be1 Ra8 38.Bg3 Rd8 39.Bh2 Rc8 40.Bxd6+  1-0

[Event "Chinese League"]
[Site "Chengdu CHN"]
[Date "2011.05.27"]
[Round "5"]
[White "Motylev,A"]
[Black "Wei Yi"]
[Result "1-0"]
[WhiteElo "2677"]
[BlackElo "2270"]

1.e4 c5 2.Nf3 d6 3.d4 cxd4 4.Nxd4 Nf6 5.Nc3 a6 6.Bg5 e6 7.f4 Qb6 8.Qd3 Nc6
9.Bxf6 gxf6 10.Nb3 Bd7 11.Be2 O-O-O 12.O-O-O Kb8 13.Bh5 Be8 14.Kb1 Rg8 15.Qh3 Qc7
16.Rd2 Na5 17.Nxa5 Qxa5 18.Rhd1 Rc8 19.Ne2 Be7 20.f5 Rg5 21.Bf3 Bb5 22.Nc1 Bc4
23.Be2 exf5 24.exf5 d5 25.Bxc4 dxc4 26.Rd7 Rc7 27.g4 h5 28.R7d5 Rc5 29.Rd7 Rc7
30.R1d5 Qe1 31.Rd1 Qa5 32.Rxc7 Kxc7 33.Rd4 hxg4 34.Qe3 Qe5 35.Re4 Bc5 36.Rxe5 Bxe3
37.Rxe3 Rxf5 38.Re4 Rg5 39.Rxc4+ Kd6 40.Nd3 f5 41.Rd4+ Ke6 42.c3 Rg7 43.Rf4 Rh7
44.Rf2 Kd5 45.Kc2 Ke4 46.Kd2 Rh5 47.c4  1-0

[Event "Chinese League"]
[Site "Chaongqing CHN"]
[Date "2011.08.12"]
[Round "11"]
[White "Lou Yiping"]
[Black "Motylev,A"]
[Result "0-1"]
[WhiteElo "2446"]
[BlackElo "2677"]

1.d4 d6 2.c4 e5 3.Nf3 e4 4.Ng5 f5 5.Nc3 Be7 6.Nh3 Nf6 7.e3 O-O 8.Be2 c6 9.O-O Kh8
10.Bd2 d5 11.Qb3 dxc4 12.Bxc4 Bd6 13.f3 exf3 14.Rxf3 c5 15.Rd1 Ng4 16.dxc5 Bxh2+
17.Kh1 Nc6 18.e4 Qe8 19.Bg5 h6 20.Bh4 Qh5 21.Be1 Na5 22.Qb4 Nxc4 23.c6 Be6
24.cxb7 Rab8 25.Nd5 Nge5 26.Kxh2 Nxf3+ 27.gxf3 fxe4 28.Qxf8+ Rxf8 29.Nf4 Qf7  0-1

[Event "FIDE World Cup 2011"]
[Site "Khanty-Mansiysk RUS"]
[Date "2011.08.29"]
[Round "1.2"]
[White "Motylev,A"]
[Black "Drozdovskij,Y"]
[Result "1/2-1/2"]
[WhiteElo "2685"]
[BlackElo "2614"]

1.e4 c6 2.d4 d5 3.e5 Bf5 4.Nf3 e6 5.Be2 c5 6.Be3 cxd4 7.Nxd4 Ne7 8.Nd2 Nbc6
9.N2f3 Bg4 10.O-O Bxf3 11.Nxf3 Ng6 12.c4 dxc4 13.Bxc4 Qc7 14.Bb5 Be7 15.Qc2 O-O
16.Bxc6 bxc6 17.Qc3 Rfd8 18.Rfd1 a5 19.a3 Rxd1+ 20.Rxd1 Rd8 21.Rxd8+ Qxd8
22.Qd4 Qd5 23.Bd2 Bd8 24.Bc3 c5 25.Qa4 Kf8 26.Qc2 c4 27.Nd2 Nxe5 28.Qxh7 Bb6
29.Qh8+ Ke7 30.Qxg7 Nd3 31.Bf6+ Kd7 32.Qxf7+ Kc6 33.Bc3 Nxf2 34.Qf3 Ng4+
35.Kh1 Nf2+ 36.Kg1 Ng4+ 37.Kh1 Nf2+  1/2-1/2

[Event "FIDE World Cup 2011"]
[Site "Khanty-Mansiysk RUS"]
[Date "2011.08.30"]
[Round "1.5"]
[White "Drozdovskij,Y"]
[Black "Motylev,A"]
[Result "0-1"]
[WhiteElo "2614"]
[BlackElo "2685"]

1.Nf3 d5 2.e3 Nf6 3.c4 g6 4.d4 Bg7 5.Nc3 O-O 6.Qb3 c6 7.Be2 dxc4 8.Bxc4 b5
9.Be2 a5 10.O-O Bf5 11.Bd2 a4 12.Qd1 Nbd7 13.Nh4 Be6 14.e4 b4 15.Nxa4 Qa5
16.b3 Nxe4 17.Rc1 Rfd8 18.Rxc6 Ne5 19.Rc2 Rxd4 20.Nf3 Nxf3+ 21.Bxf3 Bf5 22.Qc1 Nxd2
23.Rxd2 Rc8 24.Qd1 Qd8 25.Rxd4 Bxd4 26.Qd2 Qd6 27.Rd1 e5 28.Qe1 Rc2 29.Rd2 Qc7
30.g4 Be6 31.Kg2 Kg7 32.h3 Bc8 33.Be4 Rc1 34.Rd1 Rxd1 35.Qxd1 f5 36.Bf3 Bb7
37.Qd3 Kf6 38.gxf5 gxf5 39.Bxb7 Qxb7+ 40.Kh2 Qe4 41.Qg3 h5 42.h4 Qg4 43.f3 Qxg3+
44.Kxg3 Ke6 45.Kg2 Kd5 46.Kf1 f4 47.Ke1 e4 48.Ke2 Ke5  0-1

[Event "FIDE World Cup 2011"]
[Site "Khanty-Mansiysk RUS"]
[Date "2011.08.30"]
[Round "1.6"]
[White "Motylev,A"]
[Black "Drozdovskij,Y"]
[Result "0-1"]
[WhiteElo "2685"]
[BlackElo "2614"]

1.e4 e6 2.d4 d5 3.Nc3 Bb4 4.exd5 exd5 5.Bd3 Nc6 6.Ne2 Be6 7.O-O Qf6 8.a3 Ba5
9.Be3 Nge7 10.Na4 Bf5 11.Ng3 Bxd3 12.Qxd3 h5 13.Ne2 h4 14.h3 O-O-O 15.b4 Bb6
16.Qd2 Rde8 17.Nxb6+ axb6 18.a4 Nf5 19.a5 b5 20.Nc3 Ncxd4 21.Rad1 Nc6 22.Nxd5 Qg6
23.Bc5 Re4 24.Rfe1 Rxe1+ 25.Qxe1 Rd8 26.Qe4 Qe6 27.Qxe6+ fxe6 28.Ne3 Nfd4
29.Kf1 e5 30.c4 bxc4 31.Nxc4 Re8 32.Re1 Nb3 33.Be3 Rd8 34.Rb1 Rd3 35.Rb2 Rc3
36.Nd2 Nbd4 37.Rb1 Rc2 38.Bg5 Nxb4 39.Ne4 Nbc6 40.Ra1 Nb3 41.Ra3 Ncxa5 42.Bxh4 b5
43.Be7 Nd4 44.Kg1 Nac6 45.Bf8 b4 46.Ra1 b3 47.Kh2 b2 48.Rb1 Na5 49.Bxg7 Nc4
50.f4 Na3 51.Rxb2 Rxb2 52.fxe5 Ne6 53.Bf6 Nc4 54.Kg3 Re2 55.Nf2 Nxe5 56.h4 Rxf2
57.Bxe5 Rf1 58.Kg4 c5 59.h5 Rh1 60.Kf5 Kd7 61.g4 Ke7 62.Kg6 Rg1 63.Bf6+ Ke8
64.h6 Nf8+ 65.Kh5 Rh1+ 66.Kg5 Nh7+ 67.Kg6 Nxf6 68.g5 Ne4  0-1

[Event "FIDE World Cup 2011"]
[Site "Khanty-Mansiysk RUS"]
[Date "2011.08.30"]
[Round "1.7"]
[White "Drozdovskij,Y"]
[Black "Motylev,A"]
[Result "1/2-1/2"]
[WhiteElo "2614"]
[BlackElo "2685"]

1.Nf3 d5 2.e3 Nf6 3.c4 g6 4.cxd5 Nxd5 5.d4 Bg7 6.e4 Nb6 7.Nc3 O-O 8.h3 f5
9.e5 c5 10.d5 h6 11.Be3 N8d7 12.Qd2 g5 13.e6 Nf6 14.Rd1 Ne4 15.Nxe4 fxe4
16.Nh2 Rf5 17.Qc2 Rxd5 18.Be2 Rxd1+ 19.Bxd1 Qd3 20.Qxd3 exd3 21.Bxc5 Bxe6
22.O-O Bxb2 23.Bb3 Bxb3 24.axb3 e5 25.Rd1 Rd8 26.f3 Kg7 27.Be3 Bc3 28.Ng4 d2
29.Kf1 Rd5 30.Ke2 Rb5 31.Kd3 Nd5 32.Kc4 a6 33.Bxd2 Bxd2 34.Rxd2 Nb6+ 35.Kc3 Rd5
36.Re2 Nd7 37.Ne3 Rc5+ 38.Kd3 b5 39.Nf5+ Kg6 40.Ng3 Nf6 41.b4 Rc4 42.Rxe5 Rxb4
43.Re6 Kf7 44.Rxa6 Nd5 45.Nf5 h5 46.g3 h4 47.gxh4 gxh4 48.Rh6 Nf4+ 49.Kc3 Rc4+
50.Kb3 Nxh3 51.Rxh4 Rxh4 52.Nxh4 Ng5  1/2-1/2

[Event "FIDE World Cup 2011"]
[Site "Khanty-Mansiysk RUS"]
[Date "2011.08.30"]
[Round "1.4"]
[White "Motylev,A"]
[Black "Drozdovskij,Y"]
[Result "1/2-1/2"]
[WhiteElo "2685"]
[BlackElo "2614"]

1.e4 c6 2.d4 d5 3.e5 Bf5 4.Nf3 e6 5.Be2 c5 6.Be3 cxd4 7.Nxd4 Ne7 8.Nd2 Nbc6
9.N2f3 Bg4 10.O-O Bxf3 11.Nxf3 Ng6 12.c4 dxc4 13.Bxc4 Qc7 14.Qb3 Be7 15.Rac1 O-O
16.Bd3 Qb8 17.g3 Rd8 18.Be4 Ngxe5 19.Nxe5 Qxe5 20.Qxb7 Qxe4 21.Qxc6 Qxc6
22.Rxc6 a5 23.Rfc1 Kf8 24.Kf1 Ke8 25.Ke2 a4 26.Rb6 Rdb8 27.Rxb8+ Rxb8 28.Bd4 f6
29.Rc4 e5 30.Bc3 a3 31.b3 Kd7 32.Kd3 Ke6 33.f3 f5 34.Ra4 Rd8+ 35.Kc2 Rc8
36.Kd3 Rd8+ 37.Kc2 Rc8 38.Kd3 Rd8+ 39.Kc2  1/2-1/2

[Event "FIDE World Cup 2011"]
[Site "Khanty-Mansiysk RUS"]
[Date "2011.08.30"]
[Round "1.8"]
[White "Motylev,A"]
[Black "Drozdovskij,Y"]
[Result "1/2-1/2"]
[WhiteElo "2685"]
[BlackElo "2614"]

1.e4 e6 2.d4 d5 3.Nc3 Nf6 4.e5 Nfd7 5.f4 c5 6.Nf3 Nc6 7.Be3 Qb6 8.Qd2 a6
9.Na4 Qb4 10.Qxb4 Nxb4 11.Kd2 b6 12.a3 Nc6 13.Be2 Be7 14.Rhc1 Bb7 15.b3 O-O
16.c3 Na5 17.Bd1 c4 18.b4 Nb3+ 19.Bxb3 cxb3 20.Rcb1 Bc6 21.Nb2 a5 22.bxa5 bxa5
23.a4 Nb6 24.Ke2 Rfc8 25.Nd2 Bb7 26.Nd1 Bc6 27.Nb2 Bb7 28.Nd1 Bc6 29.Nb2 Bb7  1/2-1/2

[Event "FIDE World Cup 2011"]
[Site "Khanty-Mansiysk RUS"]
[Date "2011.08.30"]
[Round "1.3"]
[White "Drozdovskij,Y"]
[Black "Motylev,A"]
[Result "1/2-1/2"]
[WhiteElo "2614"]
[BlackElo "2685"]

1.d4 d5 2.c4 c6 3.Nf3 Nf6 4.Qc2 dxc4 5.Qxc4 Bf5 6.g3 e6 7.Bg2 Nbd7 8.O-O Be7
9.Rd1 O-O 10.e3 Qc7 11.Nc3 Nd5 12.Bd2 Nxc3 13.Bxc3 Be4 14.Qe2 h6 15.Rac1 Rad8
16.Bf1 Rfe8 17.Nd2 Bh7 18.Bg2 e5 19.Nc4 exd4 20.Bxd4 Bf6 21.Bxf6  1/2-1/2

[Event "FIDE World Cup 2011"]
[Site "Khanty-Mansiysk RUS"]
[Date "2011.08.30"]
[Round "1.9"]
[White "Drozdovskij,Y"]
[Black "Motylev,A"]
[Result "1-0"]
[WhiteElo "2614"]
[BlackElo "2685"]

1.Nf3 d5 2.e3 Nf6 3.c4 g6 4.cxd5 Nxd5 5.d4 Bg7 6.e4 Nb6 7.Nc3 Bg4 8.Be3 O-O
9.Be2 Bxf3 10.gxf3 Nc6 11.d5 Ne5 12.Qb3 c6 13.O-O-O cxd5 14.Nxd5 Nxd5 15.Rxd5 Qc8+
16.Kb1 Qh3 17.Bd4 Nc6 18.Bxg7 Kxg7 19.Qxb7 e6 20.Rd2 Qg2 21.Rc1 Ne5 22.Qc7 Qg5
23.Rdc2 Rfc8 24.Qa5 Rxc2 25.Rxc2 Qf4 26.h3 Nxf3 27.Qc3+ Ne5 28.Qd4 Qf6 29.Rc5 Ng4
30.Qxf6+ Nxf6 31.e5 Nd7 32.Ra5 Rc8 33.f4 Rc7 34.b3 Nb6 35.Kb2 Nd5 36.h4 Nxf4
37.Bf3 Nd3+ 38.Ka3 Nc5 39.b4 Nd3 40.Be4 Rc3+ 41.Ka4 Nb2+ 42.Kb5 Nc4 43.Rxa7 Nxe5
44.a4 Re3 45.Bb7 Rb3 46.a5 Rd3 47.a6 Ra3 48.Ra8  1-0